Régions de France à partir de boissons alcoolisées – Carte Quiz - Statistiques

Statistiques générales
  • Ce quiz a été pris 105 fois
  • Le résultat moyen est 8 sur 18
Réponses sur la Carte
Les réponses sont colorées sur une échelle allant du rouge au vert en fonction du pourcentage des utilisateurs qui les ont devinées à leur premier essai. Vous pouvez retrouver ces pourcentages ci-dessous.
 
Statistiques - réponses
Réponse % Correct
Pastis
77%
Calvados
74%
Champagne
68%
Cognac
59%
Chartreuse
56%
Choucen
55%
Picon
50%
Anis de Pontarlier
45%
Ti-Punch
45%
Pietra
43%
Muscadet
41%
Grand Marnier
38%
Blanquette de Limoux
32%
Vouvray
28%
Hipo 101
26%
Vin de Cilaos
23%
Bière Kalinago
10%
Belle Cabresse
4%
Aucun quiz correspondant
Distribution des résultats
% des personnes avec chaque résultat
Percentile par nombre de réponses
Votre historique - résultats
Vous n’avez pas pris ce quiz